[Event "Northumbrian Masters 1st"]
[Site "Newcastle"]
[Date "1996.08.29"]
[Round "4"]
[White "Ansell, Simon"]
[Black "Dunworth, Christopher"]
[Result "1-0"]
[WhiteElo "2420"]
[BlackElo "2335"]
[PlyCount "111"]
[EventDate "1996.08.28"]
[EventType "swiss"]
[EventRounds "9"]
[EventCountry "ENG"]
[SourceVersionDate "2020.09.25"]

1. e4 d5 2. exd5 Nf6 3. d4 Bg4 4. Be2 Bxe2 5. Qxe2 Qxd5 6. Nf3 e6 7. O-O Bd6 8.
Nc3 Qh5 9. Qb5+ Nc6 10. Qxh5 Nxh5 11. Nb5 O-O-O 12. Nxd6+ Rxd6 13. Be3 Nf6 14.
c4 Rd7 15. a3 Ng4 16. b4 a6 17. h3 Nxe3 18. fxe3 f6 19. Nd2 e5 20. d5 Ne7 21.
e4 c6 22. Rac1 b6 23. Nb3 Kb7 24. a4 cxd5 25. exd5 Ka7 26. a5 Rb8 27. axb6+
Rxb6 28. Nc5 Rdd6 29. Rb1 Ng6 30. Rf2 Nf4 31. Ra2 f5 32. b5 Nxd5 33. cxd5 Rxd5
34. Rxa6+ Rxa6 35. Nxa6 Kb6 36. Nb4 Rxb5 37. Nd5+ Kc5 38. Rxb5+ Kxb5 39. Nc7+
Kc4 40. Ne6 g6 41. Kf2 Kd3 42. Nf8 Kd2 43. Nxh7 e4 44. Ng5 e3+ 45. Kg1 e2 46.
Nf3+ Ke3 47. Ne1 g5 48. g3 g4 49. h4 f4 50. Ng2+ Ke4 51. gxf4 g3 52. h5 Kf5 53.
Ne1 Kxf4 54. h6 Ke3 55. h7 Kd2 56. Ng2 1-0

[Event "Northumbrian Masters 1st"]
[Site "Newcastle"]
[Date "1996.08.29"]
[Round "4"]
[White "Shaw, John Kerr"]
[Black "Wall, Gavin"]
[Result "1-0"]
[WhiteElo "2335"]
[BlackElo "2305"]
[PlyCount "79"]
[EventDate "1996.08.28"]
[EventType "swiss"]
[EventRounds "9"]
[EventCountry "ENG"]
[SourceVersionDate "2020.09.25"]

1. e4 e5 2. Nf3 d6 3. Bc4 Be7 4. d4 exd4 5. Nxd4 Nf6 6. Nc3 O-O 7. O-O a6 8. a4
Nc6 9. Re1 Nb4 10. Nd5 Nbxd5 11. exd5 Ng4 12. Be2 Ne5 13. f4 Ng6 14. Be3 Bf6
15. Qd3 Re8 16. c3 Re7 17. Bf1 Qe8 18. g3 h5 19. a5 h4 20. Bf2 Bg4 21. Bg2
Rxe1+ 22. Rxe1 Qd7 23. Be4 hxg3 24. hxg3 Ne7 25. Nf3 Bf5 26. Bd4 Bxe4 27. Qxe4
Bxd4+ 28. Nxd4 Kf8 29. Qh7 Qg4 30. Kf2 Rc8 31. Re4 c6 32. dxc6 bxc6 33. Re1 c5
34. Nf3 Ng6 35. Nh4 Ne7 36. Nf3 Rb8 37. Re2 Rb5 38. Qh8+ Ng8 39. Ng5 f6 40.
Qxg8+ 1-0

[Event "Northumbrian Masters 1st"]
[Site "Newcastle"]
[Date "1996.08.29"]
[Round "4"]
[White "Naylor, John"]
[Black "Pliester, Leon"]
[Result "0-1"]
[WhiteElo "2265"]
[BlackElo "2350"]
[PlyCount "118"]
[EventDate "1996.08.28"]
[EventType "swiss"]
[EventRounds "9"]
[EventCountry "ENG"]
[SourceVersionDate "2020.09.25"]

1. e4 e6 2. d4 d5 3. Nc3 Bb4 4. e5 c5 5. a3 Bxc3+ 6. bxc3 Ne7 7. Qg4 O-O 8. Bd3
Nbc6 9. Qh5 Ng6 10. Nf3 Qe8 11. O-O c4 12. Bxg6 fxg6 13. Qh4 Bd7 14. Ne1 Qf7
15. a4 Qf5 16. g4 Qf7 17. Ba3 Rfc8 18. f4 a5 19. Ng2 Nd8 20. Bd6 Qe8 21. Ne3
Ra6 22. Rf3 h6 23. Raf1 Nf7 24. Ba3 Bxa4 25. Qg3 Bd7 26. h4 Nd8 27. Kh2 Kh7 28.
Rg1 Rc7 29. Bd6 Rxd6 30. exd6 Rc6 31. f5 a4 32. f6 Qf8 33. Rgf1 a3 34. fxg7
Qxg7 35. Ra1 Ra6 36. g5 h5 37. Qf4 Kh8 38. Ra2 Nf7 39. Qf6 Qxf6 40. Rxf6 Kg7
41. Rf1 Nxd6 42. Rfa1 Nb5 43. Nf1 Nxc3 44. Rxa3 Rxa3 45. Rxa3 Nb5 46. Ra8 Nxd4
47. Ne3 Nc6 48. c3 Kf7 49. Rh8 Ke7 50. Kg3 Kd6 51. Kf2 e5 52. Rh7 Ne7 53. Rxe7
Kxe7 54. Nxd5+ Kd6 55. Nb4 Bf5 56. Na2 Bb1 57. Nc1 Ke6 58. Ne2 Kf5 59. Kf3 Be4+
0-1

[Event "Northumbrian Masters 1st"]
[Site "Newcastle"]
[Date "1996.08.29"]
[Round "4"]
[White "Buckley, Graeme"]
[Black "Ledger, Dave J"]
[Result "1-0"]
[WhiteElo "2370"]
[BlackElo "2235"]
[PlyCount "77"]
[EventDate "1996.08.28"]
[EventType "swiss"]
[EventRounds "9"]
[EventCountry "ENG"]
[SourceVersionDate "2020.09.25"]

1. d4 Nf6 2. c4 g6 3. Nc3 Bg7 4. e4 d6 5. f4 O-O 6. Nf3 c5 7. d5 e6 8. Be2 exd5
9. cxd5 Bg4 10. O-O Nfd7 11. Kh1 Na6 12. e5 Bxf3 13. Bxf3 dxe5 14. d6 Rb8 15.
Bd5 Nb4 16. f5 Kh8 17. Be3 b6 18. Be4 Nf6 19. a3 Nxe4 20. Nxe4 gxf5 21. Rxf5
Nc6 22. Qf3 Nd4 23. Bxd4 exd4 24. Rf1 Qd7 25. Qf4 Rbd8 26. Rf3 Rde8 27. Rh3 Qe6
28. Rh4 Qg6 29. h3 Re6 30. Ng5 Bh6 31. d7 Bxg5 32. Rxg5 Qf6 33. Rf5 Qe7 34.
Rfh5 Kg8 35. Rxh7 Re1+ 36. Kh2 Qe5 37. Qxe5 Rxe5 38. Rh8+ Kg7 39. Rxf8 1-0

[Event "Northumbrian Masters 1st"]
[Site "Newcastle"]
[Date "1996.08.30"]
[Round "5"]
[White "Storey, Charles H"]
[Black "Williams, Simon Kim"]
[Result "1-0"]
[WhiteElo "2215"]
[BlackElo "2350"]
[PlyCount "53"]
[EventDate "1996.08.28"]
[EventType "swiss"]
[EventRounds "9"]
[EventCountry "ENG"]
[SourceVersionDate "2020.09.25"]

1. e4 e6 2. d3 c5 3. g3 Nc6 4. Bg2 g6 5. f4 Bg7 6. c3 Nge7 7. Be3 b6 8. Nf3 d5
9. e5 Bb7 10. Bf2 Qc7 11. O-O O-O 12. Ng5 h6 13. Nh3 Rfd8 14. Nd2 Rd7 15. g4 d4
16. c4 f5 17. exf6 Bxf6 18. Qe2 e5 19. Bg3 Rf8 20. fxe5 Bxe5 21. Rxf8+ Kxf8 22.
Rf1+ Kg8 23. Qf2 Nc8 24. Qf8+ Kh7 25. Ne4 Rg7 26. Bxe5 Qxe5 27. Nf6+ 1-0

[Event "Northumbrian Masters 1st"]
[Site "Newcastle"]
[Date "1996.08.30"]
[Round "5"]
[White "Bryson, Douglas Marshall"]
[Black "Mah, Karl"]
[Result "0-1"]
[WhiteElo "2380"]
[BlackElo "2245"]
[PlyCount "76"]
[EventDate "1996.08.28"]
[EventType "swiss"]
[EventRounds "9"]
[EventCountry "ENG"]
[SourceVersionDate "2020.09.25"]

1. e4 c5 2. Nf3 d6 3. d4 cxd4 4. Nxd4 Nf6 5. Nc3 g6 6. Be3 Bg7 7. f3 O-O 8. Qd2
Nc6 9. Bc4 Bd7 10. h4 Ne5 11. Bb3 h5 12. O-O-O Rc8 13. Bh6 Nc4 14. Bxc4 Rxc4
15. Bxg7 Kxg7 16. g4 hxg4 17. h5 Rh8 18. hxg6 fxg6 19. Nd5 e5 20. Nb3 Rh3 21.
Ne3 Rc6 22. Rxh3 gxh3 23. Na5 Ra6 24. Nac4 Bb5 25. Nxe5 Rxa2 26. Nf5+ Kg8 27.
Kb1 Qa5 28. Qxa5 Rxa5 29. Nxd6 Be2 30. Re1 h2 31. f4 Rxe5 32. fxe5 Ng4 33. Nxb7
Bf3 34. Nc5 Nxe5 35. Kc1 g5 36. Kd2 g4 37. Ke3 g3 38. Nd3 g2 0-1

[Event "Northumbrian Masters 1st"]
[Site "Newcastle"]
[Date "1996.08.30"]
[Round "5"]
[White "Clarke, Thomas M"]
[Black "Shah, Arpi"]
[Result "0-1"]
[WhiteElo "2230"]
[BlackElo "2035"]
[PlyCount "94"]
[EventDate "1996.08.28"]
[EventType "swiss"]
[EventRounds "9"]
[EventCountry "ENG"]
[SourceVersionDate "2020.09.25"]

1. d4 Nf6 2. Bg5 Ne4 3. h4 Nxg5 4. hxg5 g6 5. c4 Bg7 6. Nc3 d6 7. Qd2 Na6 8.
O-O-O c5 9. Nf3 Bg4 10. d5 Qa5 11. Kb1 O-O-O 12. Rh4 Bd7 13. e3 h6 14. Nb5 Qxd2
15. Rxd2 Kb8 16. a3 hxg5 17. Rxh8 Rxh8 18. Nxg5 Rh1 19. Rd1 Be8 20. Be2 Rxd1+
21. Bxd1 Bh6 22. Ne4 Bxb5 23. cxb5 Nc7 24. a4 f5 25. Nc3 Bg7 26. Bb3 Bxc3 27.
bxc3 Ne8 28. Kc2 Nf6 29. Kd3 Kc7 30. a5 b6 31. a6 Kd7 32. f3 Ke8 33. Ke2 Kf7
34. Kf2 Nd7 35. Kg3 Kf6 36. Kh4 Ne5 37. c4 Nd3 38. Bd1 Ne5 39. Be2 Nf7 40. g4
e6 41. dxe6 Kxe6 42. gxf5+ gxf5 43. f4 d5 44. Bd3 dxc4 45. Bxc4+ Kf6 46. Kg3
Nd6 47. Be2 Ke6 0-1

[Event "Northumbrian Masters 1st"]
[Site "Newcastle"]
[Date "1996.08.30"]
[Round "5"]
[White "Wall, Gavin"]
[Black "Whiteley, Andrew Jonathan"]
[Result "1-0"]
[WhiteElo "2305"]
[BlackElo "2255"]
[PlyCount "81"]
[EventDate "1996.08.28"]
[EventType "swiss"]
[EventRounds "9"]
[EventCountry "ENG"]
[SourceVersionDate "2020.09.25"]

1. e4 e6 2. d4 d5 3. e5 c5 4. c3 Nc6 5. Nf3 Qb6 6. a3 Bd7 7. b4 cxd4 8. cxd4
Rc8 9. Be3 Nge7 10. Bd3 Nf5 11. O-O Nxe3 12. fxe3 g6 13. Qe1 Bg7 14. Nc3 Ne7
15. b5 O-O 16. Na4 Qc7 17. Rc1 Qxc1 18. Qxc1 Rxc1 19. Rxc1 Rc8 20. Rxc8+ Bxc8
21. b6 Nc6 22. Bb5 axb6 23. Nxb6 Na7 24. a4 Bf8 25. e4 dxe4 26. Nd2 Be7 27. Kf2
Kf8 28. Ndc4 Bd8 29. Ke3 Ke7 30. Kxe4 Nxb5 31. Nxc8+ Kd7 32. axb5 Kxc8 33. Nd6+
Kd7 34. Nxf7 Ba5 35. d5 exd5+ 36. Kxd5 Be1 37. Nd6 b6 38. e6+ Kd8 39. Nf7+ Ke7
40. Ne5 Bb4 41. Nc6+ 1-0

[Event "Northumbrian Masters 1st"]
[Site "Newcastle"]
[Date "1996.08.30"]
[Round "5"]
[White "Rowson, Jonathan"]
[Black "Shaw, John Kerr"]
[Result "1-0"]
[WhiteElo "2425"]
[BlackElo "2335"]
[PlyCount "67"]
[EventDate "1996.08.28"]
[EventType "swiss"]
[EventRounds "9"]
[EventCountry "ENG"]
[SourceVersionDate "2020.09.25"]

1. e4 d6 2. d4 Nf6 3. f3 e5 4. Ne2 Be7 5. c4 O-O 6. Nbc3 Nh5 7. Be3 Bg5 8. Bxg5
Qxg5 9. h4 Qd8 10. g4 exd4 11. Qxd4 Nc6 12. Qf2 Nf6 13. O-O-O Be6 14. Ng3 Nd7
15. g5 f6 16. g6 h6 17. Nh5 Kh8 18. Nd5 Bg8 19. Qe3 Re8 20. Bh3 Re5 21. Ng3 Nb6
22. b3 Nxd5 23. cxd5 Nb4 24. Qd2 a5 25. Nf5 c6 26. Nxh6 cxd5 27. Nxg8 Kxg8 28.
exd5 f5 29. Kb1 Qe7 30. Rhe1 Rc8 31. Bxf5 Re8 32. Be6+ Kh8 33. Rxe5 dxe5 34.
Qg5 1-0

[Event "Northumbrian Masters 1st"]
[Site "Newcastle"]
[Date "1996.08.30"]
[Round "5"]
[White "Pedersen, Steffen"]
[Black "Naylor, John"]
[Result "1-0"]
[WhiteElo "2415"]
[BlackElo "2265"]
[PlyCount "71"]
[EventDate "1996.08.28"]
[EventType "swiss"]
[EventRounds "9"]
[EventCountry "ENG"]
[SourceVersionDate "2020.09.25"]

1. d4 Nf6 2. c4 g6 3. Nc3 Bg7 4. Bg5 d6 5. e3 O-O 6. Nf3 h6 7. Bh4 Nbd7 8. Qc2
c5 9. Be2 cxd4 10. Nxd4 a6 11. O-O Nc5 12. b4 e5 13. bxc5 exd4 14. exd4 Bf5 15.
Qb3 dxc5 16. dxc5 Qd4 17. Bg3 Nd7 18. Nd5 Qd2 19. Rae1 Rae8 20. Bf4 Qa5 21. Bd6
Nxc5 22. Qd1 Kh8 23. Bf3 Rxe1 24. Qxe1 Qxe1 25. Rxe1 Rc8 26. Nb6 Nd3 27. Nxc8
Nxe1 28. Bxb7 Bd4 29. Ne7 Nd3 30. Nxf5 Bxf2+ 31. Kf1 gxf5 32. Bxa6 Bb6 33. Bc8
Kg7 34. Bxf5 Nc5 35. Be5+ f6 36. Bd4 1-0

[Event "Northumbrian Masters 1st"]
[Site "Newcastle"]
[Date "1996.08.30"]
[Round "5"]
[White "Bisby, Daniel L"]
[Black "Wall, Timothy P"]
[Result "1-0"]
[WhiteElo "2205"]
[BlackElo "2320"]
[PlyCount "79"]
[EventDate "1996.08.28"]
[EventType "swiss"]
[EventRounds "9"]
[EventCountry "ENG"]
[SourceVersionDate "2020.09.25"]

1. e4 e5 2. Nf3 Nc6 3. Bc4 Bc5 4. b4 Bb6 5. a4 a6 6. O-O Nf6 7. Nc3 O-O 8. Nd5
Nxd5 9. exd5 e4 10. dxc6 exf3 11. Qxf3 dxc6 12. Ba3 Be6 13. d3 Re8 14. Bb2 Bd4
15. c3 Be5 16. Bxe6 Rxe6 17. d4 Bd6 18. b5 Rf6 19. Qe4 Rf4 20. Qd3 Qh4 21. bxa6
bxa6 22. h3 g5 23. Rae1 g4 24. Re3 Rf6 25. c4 Rg6 26. Rfe1 Rf8 27. d5 Bc5 28.
Bd4 Bb4 29. R1e2 f5 30. c5 cxd5 31. Re8 Qg5 32. Rxf8+ Kxf8 33. Qb1 gxh3 34. g3
Qh5 35. Qd3 h2+ 36. Kh1 f4 37. Re5 fxg3 38. Rf5+ Kg8 39. fxg3 Qh3 40. Qf3 1-0

[Event "Northumbrian Masters 1st"]
[Site "Newcastle"]
[Date "1996.08.30"]
[Round "5"]
[White "Buckley, Graeme"]
[Black "Ansell, Simon"]
[Result "0-1"]
[WhiteElo "2370"]
[BlackElo "2420"]
[PlyCount "100"]
[EventDate "1996.08.28"]
[EventType "swiss"]
[EventRounds "9"]
[EventCountry "ENG"]
[SourceVersionDate "2020.09.25"]

1. d4 Nf6 2. Bg5 Ne4 3. Bh4 d5 4. f3 Nf6 5. Nc3 c5 6. e4 dxe4 7. dxc5 Qa5 8.
Qd2 e3 9. Qd3 Be6 10. O-O-O Nbd7 11. Qb5 Qxb5 12. Bxb5 a6 13. Ba4 O-O-O 14. b4
g6 15. Bg5 Bg7 16. Nge2 Ne5 17. Nd4 Bc4 18. Rhe1 Nd5 19. Nxd5 Rxd5 20. a3 Rxd4
21. Rxd4 Nxf3 22. Rxc4 Nxe1 23. Rg4 f5 24. Rg3 e5 25. Rxe3 Nxg2 26. Rd3 h6 27.
Be7 e4 28. Rd2 Nf4 29. Rd7 Be5 30. Bd6 Bxd6 31. cxd6 Rd8 32. Rxd8+ Kxd8 33. c4
g5 34. Kd2 Ng2 35. Bc2 Nh4 36. Bd1 f4 37. c5 Nf5 38. Bc2 e3+ 39. Ke1 Nd4 40.
Be4 Kc8 41. a4 h5 42. Kf1 g4 43. d7+ Kxd7 44. Bxb7 e2+ 45. Kf2 f3 46. Be4 h4
47. Ke1 g3 48. hxg3 hxg3 49. Bxf3 Nxf3+ 50. Kxe2 g2 0-1

[Event "Northumbrian Masters 1st"]
[Site "Newcastle"]
[Date "1996.08.30"]
[Round "5"]
[White "Pliester, Leon"]
[Black "Gormally, Daniel"]
[Result "1/2-1/2"]
[WhiteElo "2350"]
[BlackElo "2300"]
[PlyCount "93"]
[EventDate "1996.08.28"]
[EventType "swiss"]
[EventRounds "9"]
[EventCountry "ENG"]
[SourceVersionDate "2020.09.25"]

1. e4 c5 2. Nf3 d6 3. d4 cxd4 4. Nxd4 Nf6 5. Nc3 a6 6. Be2 e5 7. Nf3 Be7 8. O-O
O-O 9. a4 Be6 10. Ng5 Bc8 11. Bc4 h6 12. Nf3 Nc6 13. Be3 Be6 14. Bd5 Rc8 15.
Re1 Bxd5 16. exd5 Na5 17. Nh4 Qd7 18. Qf3 Qg4 19. Nf5 Rfe8 20. Rad1 Qxf3 21.
gxf3 Bf8 22. Re2 Kh7 23. Ne4 Nxe4 24. fxe4 g6 25. Ng3 Nc4 26. Bc1 h5 27. b3 Nb6
28. c4 Nd7 29. Ba3 b6 30. Rb2 a5 31. Ne2 f5 32. Nc3 Nc5 33. exf5 gxf5 34. Nb5
e4 35. Bxc5 bxc5 36. Re2 Rcd8 37. Nc7 Re7 38. Ne6 Rb8 39. f3 Bh6 40. fxe4 fxe4
41. Rxe4 Rxb3 42. Rf1 Ra3 43. Rf6 Rb7 44. Nf4 Bxf4 45. Rexf4 Rb1+ 46. Kg2 Rb2+
47. Kg1 1/2-1/2

[Event "Northumbrian Masters 1st"]
[Site "Newcastle"]
[Date "1996.08.30"]
[Round "6"]
[White "Wall, Gavin"]
[Black "Pedersen, Steffen"]
[Result "1-0"]
[WhiteElo "2305"]
[BlackElo "2415"]
[PlyCount "55"]
[EventDate "1996.08.28"]
[EventType "swiss"]
[EventRounds "9"]
[EventCountry "ENG"]
[SourceVersionDate "2020.09.25"]

1. e4 c5 2. Nf3 e6 3. d3 d5 4. Nbd2 Nc6 5. g3 g6 6. Bg2 Bg7 7. O-O Nge7 8. Qe2
b6 9. e5 h6 10. Re1 g5 11. c4 g4 12. Nh4 Nxe5 13. cxd5 exd5 14. d4 cxd4 15. f4
gxf3 16. Ndxf3 Nxf3+ 17. Nxf3 O-O 18. Qxe7 Qxe7 19. Rxe7 Be6 20. Bf4 Rfc8 21.
Rd1 d3 22. Ne5 Bf8 23. Rb7 d2 24. Nd3 Rc2 25. Rxd2 Rxd2 26. Bxd2 Bd6 27. Bf4
Bc8 28. Rxf7 1-0

[Event "Northumbrian Masters 1st"]
[Site "Newcastle"]
[Date "1996.08.30"]
[Round "6"]
[White "Rizouk, Ryad"]
[Black "Bisby, Daniel L"]
[Result "1-0"]
[WhiteElo "2385"]
[BlackElo "2205"]
[PlyCount "63"]
[EventDate "1996.08.28"]
[EventType "swiss"]
[EventRounds "9"]
[EventCountry "ENG"]
[SourceVersionDate "2020.09.25"]

1. e4 d6 2. d4 Nf6 3. Nc3 g6 4. Bg5 Bg7 5. Qd2 c6 6. f4 O-O 7. Bd3 b5 8. Nf3
Bg4 9. O-O Qb6 10. Ne2 Nbd7 11. Kh1 d5 12. e5 Ne4 13. Qe3 f6 14. Bh4 fxe5 15.
fxe5 Nxe5 16. Nxe5 Bxe5 17. Bxe4 Rxf1+ 18. Rxf1 Bxe2 19. Qxe2 Qxd4 20. Bd3 Qxb2
21. Bxe7 Kh8 22. Qf3 a6 23. Qh3 Rg8 24. Qe6 Qc3 25. Bf8 Qd4 26. Bh6 Rb8 27. Qe7
Rg8 28. Rf7 Qa1+ 29. Bf1 Bg7 30. Bxg7+ Rxg7 31. Qe8+ Rg8 32. Qxc6 1-0

[Event "Northumbrian Masters 1st"]
[Site "Newcastle"]
[Date "1996.08.30"]
[Round "6"]
[White "Dunworth, Christopher"]
[Black "Storey, Charles H"]
[Result "0-1"]
[WhiteElo "2335"]
[BlackElo "2215"]
[PlyCount "58"]
[EventDate "1996.08.28"]
[EventType "swiss"]
[EventRounds "9"]
[EventCountry "ENG"]
[SourceVersionDate "2020.09.25"]

1. d4 c5 2. d5 f5 3. Nc3 Nf6 4. g3 g6 5. h4 Bg7 6. Nh3 b5 7. Bg2 b4 8. Nb1 d6
9. Nf4 Na6 10. h5 Nxh5 11. Nxh5 gxh5 12. Rxh5 O-O 13. a3 Qe8 14. Bf3 Qg6 15. e3
Rb8 16. c3 bxc3 17. Nxc3 c4 18. Be2 Nc5 19. Rh4 Ne4 20. Nxe4 fxe4 21. Qc2 c3
22. Rb1 Be5 23. Rf4 Bxf4 24. exf4 e3 25. Qxg6+ hxg6 26. Bd3 exf2+ 27. Kxf2 Bf5
28. Ke3 c2 29. Ra1 Rb3 0-1

[Event "Northumbrian Masters 1st"]
[Site "Newcastle"]
[Date "1996.08.30"]
[Round "6"]
[White "Mah, Karl"]
[Black "Rowson, Jonathan"]
[Result "1/2-1/2"]
[WhiteElo "2245"]
[BlackElo "2425"]
[PlyCount "82"]
[EventDate "1996.08.28"]
[EventType "swiss"]
[EventRounds "9"]
[EventCountry "ENG"]
[SourceVersionDate "2020.09.25"]

1. d4 d6 2. e4 Nf6 3. Nc3 e5 4. Nf3 Nbd7 5. Bc4 Be7 6. O-O O-O 7. Re1 c6 8. a4
b6 9. d5 cxd5 10. Nxd5 Nxd5 11. Bxd5 Rb8 12. a5 bxa5 13. Nd2 Nb6 14. Nb3 Qc7
15. Nxa5 Bd7 16. Re3 Nxd5 17. exd5 Rfc8 18. c4 f5 19. Rea3 Bf6 20. Rb1 a6 21.
b4 Be8 22. Bd2 Qa7 23. Be1 Qb6 24. Rbb3 e4 25. Bd2 Qd4 26. Qc1 Bb5 27. Bc3 Rxc4
28. Nxc4 Qxc4 29. Qa1 Rc8 30. h3 Bh4 31. Bb2 Qe2 32. Rg3 Rc2 33. Bxg7 Qxf2+ 34.
Kh2 f4 35. Rg4 Kf7 36. Bh6 Bf6 37. Rg7+ Bxg7 38. Qxg7+ Ke8 39. Qg8+ Kd7 40. Bf8
Kc7 41. Qg7+ Bd7 1/2-1/2

[Event "Northumbrian Masters 1st"]
[Site "Newcastle"]
[Date "1996.08.30"]
[Round "6"]
[White "Shah, Arpi"]
[Black "Houska, Miroslav"]
[Result "0-1"]
[WhiteElo "2035"]
[BlackElo "2265"]
[PlyCount "98"]
[EventDate "1996.08.28"]
[EventType "swiss"]
[EventRounds "9"]
[EventCountry "ENG"]
[SourceVersionDate "2020.09.25"]

1. e4 d6 2. d4 Nf6 3. Bd3 e5 4. c3 c6 5. Nf3 Nbd7 6. O-O Be7 7. Re1 O-O 8. Nbd2
Re8 9. Nc4 Bf8 10. a4 h6 11. h3 g6 12. Be3 d5 13. Ncxe5 dxe4 14. Bc4 Nd5 15.
Nxd7 Bxd7 16. Ne5 Be6 17. Qb3 Rb8 18. Qc2 Nxe3 19. Rxe3 Bxc4 20. Nxc4 f5 21.
Ne5 Kh7 22. Qb3 Re7 23. Rg3 Rg7 24. a5 Qd5 25. Qxd5 cxd5 26. a6 g5 27. h4 g4
28. Ra5 bxa6 29. b4 Be7 30. h5 Bh4 31. Re3 f4 32. Re2 f3 33. Rea2 g3 34. Ng6
gxf2+ 35. Kf1 e3 36. gxf3 Bg5 37. Rxd5 Rc7 38. Rxa6 Rxb4 39. Ra1 Rbc4 40. f4
Rxc3 41. Rc5 R3xc5 42. dxc5 Bf6 43. Rc1 Kg8 44. Ne5 Bxe5 45. fxe5 Rg7 46. Ke2
Rg1 47. Rf1 Rxf1 48. Kxf1 Kf7 49. c6 Ke6 0-1

[Event "Northumbrian Masters 1st"]
[Site "Newcastle"]
[Date "1996.08.30"]
[Round "6"]
[White "Shaw, John Kerr"]
[Black "Ledger, Dave J"]
[Result "1-0"]
[WhiteElo "2335"]
[BlackElo "2235"]
[PlyCount "79"]
[EventDate "1996.08.28"]
[EventType "swiss"]
[EventRounds "9"]
[EventCountry "ENG"]
[SourceVersionDate "2020.09.25"]

1. e4 e5 2. Nf3 Nc6 3. Bb5 a6 4. Bxc6 dxc6 5. O-O f6 6. d4 exd4 7. Nxd4 c5 8.
Ne2 Qxd1 9. Rxd1 Bd6 10. Bf4 Bxf4 11. Nxf4 Ne7 12. Nc3 O-O 13. Rd2 g5 14. Nfd5
Nxd5 15. Nxd5 Rf7 16. Re1 b6 17. e5 fxe5 18. Rxe5 h6 19. Re8+ Kg7 20. Rd8 Bb7
21. Nxc7 Rxd8 22. Ne6+ Kf6 23. Nxd8 Re7 24. Rd6+ Kf5 25. f3 Ba8 26. Kf2 h5 27.
c4 Re8 28. Nf7 Rf8 29. Nh6+ Ke5 30. Rxb6 g4 31. Rxa6 gxf3 32. Nf7+ Kd4 33. Rd6+
Kxc4 34. Ne5+ Kb4 35. gxf3 c4 36. Rb6+ Ka4 37. Nxc4 Rxf3+ 38. Ke2 Bd5 39. b3+
Rxb3 40. axb3# 1-0

[Event "Northumbrian Masters 1st"]
[Site "Newcastle"]
[Date "1996.08.30"]
[Round "6"]
[White "Gormally, Daniel"]
[Black "Cobb, James"]
[Result "1/2-1/2"]
[WhiteElo "2300"]
[BlackElo "2260"]
[PlyCount "56"]
[EventDate "1996.08.28"]
[EventType "swiss"]
[EventRounds "9"]
[EventCountry "ENG"]
[SourceVersionDate "2020.09.25"]

1. d4 Nf6 2. c4 e6 3. Nf3 c5 4. d5 exd5 5. cxd5 d6 6. Nc3 g6 7. Nd2 Bg7 8. Nc4
O-O 9. g3 b6 10. a4 Ba6 11. Nb5 Ne8 12. Bg2 Qe7 13. Bf4 Bxb5 14. axb5 Nd7 15.
O-O Ne5 16. Bxe5 Bxe5 17. Ra3 Bg7 18. e3 Nc7 19. Qb3 Qd7 20. Rfa1 Qxb5 21. Qxb5
Nxb5 22. Rb3 Nc7 23. Nxd6 b5 24. Ra2 c4 25. Rba3 a6 26. b4 Rad8 27. Rxa6 Nxa6
28. Rxa6 Bc3 1/2-1/2

[Event "Northumbrian Masters 1st"]
[Site "Newcastle"]
[Date "1996.08.30"]
[Round "6"]
[White "Wall, Timothy P"]
[Black "Dearing, Eddie"]
[Result "1/2-1/2"]
[WhiteElo "2320"]
[BlackElo "2185"]
[PlyCount "132"]
[EventDate "1996.08.28"]
[EventType "swiss"]
[EventRounds "9"]
[EventCountry "ENG"]
[SourceVersionDate "2020.09.25"]

1. e4 c5 2. d3 Nc6 3. f4 g6 4. Nf3 Bg7 5. Be2 d6 6. O-O e6 7. Qe1 Nge7 8. Nc3
f5 9. Kh1 O-O 10. Bd1 Rb8 11. a4 a6 12. Qh4 d5 13. e5 d4 14. Ne2 b5 15. axb5
axb5 16. Bd2 Qd7 17. Be1 Bb7 18. Bf2 Ra8 19. Rb1 Rfe8 20. h3 Nc8 21. Kh2 Nb4
22. Nc1 Nd5 23. Nb3 Bf8 24. Bg1 Be7 25. Qg3 Ncb6 26. Bf2 Ra2 27. Nc1 Ra4 28. h4
Rb4 29. Nd2 Na4 30. Ncb3 c4 31. Nxd4 Rxb2 32. dxc4 bxc4 33. Ra1 Nac3 34. Bf3
Rc8 35. h5 Kf7 36. Rh1 Rg8 37. hxg6+ hxg6 38. Kg1 Rg7 39. Rh6 Bc5 40. Nxc4 Rb4
41. Nd6+ Bxd6 42. exd6 Nb5 43. Rxg6 Rxg6 44. Bh5 Nxd4 45. Qxg6+ Kf8 46. c3 Nxf4
47. Qh6+ Kg8 48. Bxd4 Rxd4 49. cxd4 Qxd6 50. Qg5+ Kh7 51. Rd1 Qd5 52. Rd2 Qe4
53. Kh2 Nxh5 54. Qxh5+ Kg7 55. Qg5+ Kf7 56. Rb2 e5 57. Rb6 Bc6 58. Rxc6 Qxc6
59. Qxf5+ Kg8 60. Qg5+ Kf7 61. dxe5 Qe4 62. Qf6+ Ke8 63. e6 Qh7+ 64. Kg3 Qd3+
65. Kh4 Qe4+ 66. g4 Qxg4+ 1/2-1/2

[Event "Northumbrian Masters 1st"]
[Site "Newcastle"]
[Date "1996.08.30"]
[Round "6"]
[White "McMichael, Richard"]
[Black "Buckley, Graeme"]
[Result "1-0"]
[WhiteElo "2200"]
[BlackElo "2370"]
[PlyCount "50"]
[EventDate "1996.08.28"]
[EventType "swiss"]
[EventRounds "9"]
[EventCountry "ENG"]
[SourceVersionDate "2020.09.25"]

1. b3 e5 2. Bb2 d6 3. e3 Nf6 4. c4 Nbd7 5. Nf3 c6 6. Nc3 g6 7. d4 Bg7 8. Be2
O-O 9. h3 Re8 10. Qc2 a6 11. O-O-O b5 12. g4 bxc4 13. Bxc4 exd4 14. Nxd4 Bb7
15. g5 c5 16. Nf5 gxf5 17. gxf6 Qxf6 18. Rhg1 Kf8 19. Rxg7 Qxg7 20. Nb5 Re5 21.
Nxd6 Bf3 22. Nxf7 Rae8 23. Nxe5 Rxe5 24. Bxe5 Nxe5 25. Qxf5+ Nf7 1-0

[Event "Northumbrian Masters 1st"]
[Site "Newcastle"]
[Date "1996.08.31"]
[Round "7"]
[White "Gormally, Daniel"]
[Black "Wall, Gavin"]
[Result "1-0"]
[WhiteElo "2300"]
[BlackElo "2305"]
[PlyCount "33"]
[EventDate "1996.08.28"]
[EventType "swiss"]
[EventRounds "9"]
[EventCountry "ENG"]
[SourceVersionDate "2020.09.25"]

1. d4 f5 2. Bg5 g6 3. Nc3 Bg7 4. h4 h6 5. Bf4 Nc6 6. Nf3 d6 7. e4 fxe4 8. Nxe4
Bg4 9. c3 e5 10. dxe5 Nxe5 11. Bxe5 Bxe5 12. Qa4+ Bd7 13. Bb5 Bg7 14. O-O-O a6
15. Bxd7+ Qxd7 16. Qc4 b5 17. Nxd6+ 1-0

[Event "Northumbrian Masters 1st"]
[Site "Newcastle"]
[Date "1996.08.31"]
[Round "7"]
[White "Bryson, Douglas Marshall"]
[Black "Bisby, Daniel L"]
[Result "1-0"]
[WhiteElo "2380"]
[BlackElo "2205"]
[PlyCount "39"]
[EventDate "1996.08.28"]
[EventType "swiss"]
[EventRounds "9"]
[EventCountry "ENG"]
[SourceVersionDate "2020.09.25"]

1. e4 d6 2. d4 Nf6 3. Nc3 g6 4. f4 Bg7 5. Nf3 O-O 6. Bd3 Na6 7. e5 Nd7 8. h4 c5
9. h5 cxd4 10. hxg6 dxc3 11. Ng5 Nxe5 12. Qh5 h6 13. fxe5 Be6 14. gxf7+ Bxf7
15. Bh7+ Kh8 16. Nxf7+ Rxf7 17. Qxf7 cxb2 18. Bd3 bxc1=Q+ 19. Rxc1 Qg8 20. Qg6
1-0

[Event "Northumbrian Masters 1st"]
[Site "Newcastle"]
[Date "1996.08.31"]
[Round "7"]
[White "Buckley, Graeme"]
[Black "Cobb, Charles"]
[Result "1-0"]
[WhiteElo "2370"]
[BlackElo "2260"]
[PlyCount "67"]
[EventDate "1996.08.28"]
[EventType "swiss"]
[EventRounds "9"]
[EventCountry "ENG"]
[SourceVersionDate "2020.09.25"]

1. d4 e6 2. c4 Nf6 3. Nc3 Bb4 4. e3 c5 5. Bd3 Nc6 6. Nge2 cxd4 7. exd4 d5 8.
cxd5 Nxd5 9. O-O O-O 10. Bb1 Be7 11. Qd3 g6 12. Bh6 Re8 13. a3 Nxc3 14. bxc3
Bf6 15. Ba2 e5 16. d5 e4 17. Qb5 Ne5 18. d6 Bd7 19. Qxb7 Bc6 20. Qb4 Rb8 21.
Qc5 Qd7 22. Rab1 Rxb1 23. Rxb1 Qg4 24. Ng3 g5 25. h3 Qh4 26. Nf5 Qf4 27. Ne7+
Bxe7 28. dxe7 Qf6 29. Rd1 Rxe7 30. Rd6 Qf4 31. Rd8+ Be8 32. Qe3 Qxe3 33. fxe3
Nc6 34. Ra8 1-0